000 00561nas a2200217 i 4500
001 1827
003 ES-MaACL
005 20250721062538.0
007 t|
008 950801c1913 sp | | 1 ||pa d
245 0 0 _aRevista económica /
_cdir. Alvaro Calzado.
260 _aMadrid :
_b[s.n.],
_c1913-
300 _a3 v. ;
_c33 cm.
310 _aQuincenal
362 0 _aAño I (1913)-
650 1 7 _aEconomía
_2embne
_912006
700 1 _aCalzado, Alvaro,
_edir.
_9194298
852 _aES-MaACL
_jHem-530
866 0 _o1915-1920.
999 _c1827
_d1827